My house is your house (Record no. 83974)

MARC details
000 -LEADER
fixed length control field 00934cab a22002175a 4500
001 - CONTROL NUMBER
control field L156244
008 - FIXED-LENGTH DATA ELEMENTS--GENERAL INFORMATION
fixed length control field 120509e20120505xxk 000 0 eng d
035 ## - SYSTEM CONTROL NUMBER
System control number (Sirsi) u156244
041 0# - LANGUAGE CODE
Language code of text/sound track or separate title eng
100 1# - MAIN ENTRY--PERSONAL NAME
Personal name Densham, Will
245 00 - TITLE STATEMENT
Title My house is your house
260 ## - PUBLICATION, DISTRIBUTION, ETC.
Date of publication, distribution, etc. 2012
490 ## - SERIES STATEMENT
Series statement Estates Gazette
Volume/sequential designation (1218) 5 May 2012, 94-96(3)
520 ## - SUMMARY, ETC.
Summary, etc. With reference to "Sun Street Property Ltd v Persons Unknown" [2011] EWHC 3432, outlines procedure for evicting trespasses from commercial premises set out in the Civil Procedure Rules Part 55. The Legal Aid, Sentencing and Punishment of Offenders Act 2012 which has made squatting in residential property a criminal offence has not been extended to commercial property.
590 ## - LOCAL NOTE (RLIN)
Local note KA
650 24 - SUBJECT ADDED ENTRY--TOPICAL TERM
Topical term or geographic name entry element LEGAL AID, SENTENCING AND PUNISHMENT OF OFFENDERS ACT 2012
651 #4 - SUBJECT ADDED ENTRY--GEOGRAPHIC NAME
Geographic name United Kingdom
690 ## - LOCAL SUBJECT ADDED ENTRY--TOPICAL TERM (OCLC, RLIN)
Topical term or geographic name as entry element Commercial property
9 (RLIN) 6227
700 1# - ADDED ENTRY--PERSONAL NAME
Personal name Lidstone, Kim
942 ## - ADDED ENTRY ELEMENTS (KOHA)
Suppress in OPAC 0
Holdings
Withdrawn status Lost status Source of classification or shelving scheme Damaged status Not for loan Home library Current library Shelving location Date acquired Total Checkouts Full call number Barcode Date last seen Copy number Price effective from Koha item type
    Dewey Decimal Classification     London London Journal article 09/05/2012   L156244 156244-1001 06/08/2019 1 06/08/2019 Journal article